000 01413cam a22003977a 4500
001 14814902
005 20170105102350.0
008 051125s2006 ne a b 001 0 eng
010 _a 2007416630
020 _a9781402040740 (hbk.)
020 _a1402040741 (hbk.)
020 _a9781402040757 (ebook)
020 _a140204075X (ebook)
035 _a(OCoLC)68767100
035 _a(OCoLC)ocm68767100
040 _aUKM
_cUKM
_dDLC
042 _alccopycat
050 0 0 _aTK5103.2
_b.S33 2006
082 0 4 _a621.3821
_222
100 1 _aSchlegel, Christian.
245 1 0 _aCoordinated multiuser communications
_cChristian Schlegel and Alex Grant.
260 _aDordrecht :
_bSpringer,
_cc2006.
300 _axx, 270 p. :
_bill. ;
_c25 cm.
504 _aIncludes bibliographical references and indexes.
650 0 _aTelecommunication systems.
650 0 _aMobile communication systems.
650 0 _aWireless communication systems.
650 0 _aTelecommunication
_xTraffic
_xManagement.
650 0 _aNetwork performance (Telecommunication)
700 1 _aGrant, Alex.
856 4 1 _3Table of contents only
_uhttp://www.loc.gov/catdir/toc/fy0710/2007416630.html
856 4 2 _3Publisher description
_uhttp://www.loc.gov/catdir/enhancements/fy0713/2007416630-d.html
906 _a7
_bcbc
_ccopycat
_d2
_encip
_f20
_gy-gencatlg
942 _2ddc
_cBK
999 _c11899
_d11899